Evaluación de proyectos / Gabriel Baca Urbina (Registro nro. 13471)
[ vista simple ]
| 000 -LÍDER | |
|---|---|
| fixed length control field | 00555nam a2200181 4500 |
| 008 - ELEMENTOS DE LONGITUD FIJA -- INFORMACIÓN GENERAL | |
| fixed length control field | 0 2001 0a 000 0MEX |
| 020 ## - NÚMERO INTERNACIONAL NORMALIZADO PARA LIBROS | |
| ISBN | 970-10-3001-X |
| 050 ## - SIGNATURA TOPOGRAFICA DE LA BIBLIOTECA DEL CONGRESO (LC) | |
| Número de Clasificación | HC28 B116 2001 |
| 082 ## - NUMERO DE CLASIFICACION DECIMAL DEWEY | |
| Número de Clasificación | 658.404 B113e |
| 100 ## - ASIENTO PRINCIPAL--NOMBRE PERSONAL | |
| Nombre personal | Baca Urbina, Gabriel |
| 245 ## - TÍTULO | |
| Título | Evaluación de proyectos / Gabriel Baca Urbina |
| 250 ## - MENCIÓN DE EDICIÓN | |
| Mención de edición | 4 |
| 260 ## - PUBLICACIÓN, DISTRIBUCIÓN, ETC. (PIE DE IMPRENTA) | |
| Lugar de publicación, distribución, etc. | México : McGraw-Hill |
| 300 ## - DESCRIPCIÓN FÍSICA | |
| Extensión | xx, 383 p. / 24 cm. |
| 500 ## - NOTA GENERAL | |
| Nota general | Incluye indice analitico |
| 650 ## - ASIENTO SECUNDARIO DE MATERIA - TERMINO TEMÁTICO | |
| Término temático o nombre geográfico como elemento de entrada | 1.ADMINISTRACION-ANALISIS \ 2.PROYECTOS-EVALUACION |
| 700 ## - ASIENTO SECUNDARIO - NOMBRE PERSONAL | |
| Nombre personal | Arellano Bolio, Lourdes, Rev.tec. |
| No. biblioteca | No. biblioteca | Número de clasificación | Código de barras/Número de adquisición | Número de copia | Tipo de material |
|---|---|---|---|---|---|
| LUIS G. INCLAN | LUIS G. INCLAN | 658.404 B113e | 39356 | 3 | Libros |
| LUIS G. INCLAN | LUIS G. INCLAN | 658.404 B113e | 39357 | 4 | Libros |
| LUIS G. INCLAN | LUIS G. INCLAN | 658.404 B113e | 39358 | 5 | Libros |
| LUIS G. INCLAN | LUIS G. INCLAN | 658.404 B113e | 36107 | 1 | Libros |
| LUIS G. INCLAN | LUIS G. INCLAN | 658.404 B113e | 36108 | 2 | Libros |
| LUIS G. INCLAN | LUIS G. INCLAN | 658.404 B113e | 40122 | 6 | Libros |
| LUIS G. INCLAN | LUIS G. INCLAN | 658.404 B113e | 40123 | 7 | Libros |
| LUIS G. INCLAN | LUIS G. INCLAN | 658.404 B113e | 40124 | 8 | Libros |
| LUIS G. INCLAN | LUIS G. INCLAN | 658.404 B113e | 40125 | 9 | Libros |
| LUIS G. INCLAN | LUIS G. INCLAN | 658.404 B113e | 40126 | 10 | Libros |
| LUIS G. INCLAN | LUIS G. INCLAN | 658.404 B113e | 44390 | 11 | Libros |
| LUIS G. INCLAN | LUIS G. INCLAN | 658.404 B113e | 44391 | 12 | Libros |
| LUIS G. INCLAN | LUIS G. INCLAN | 658.404 B113e | 45415 | 13 | Libros |
| LUIS G. INCLAN | LUIS G. INCLAN | 658.404 B113e | 45846 | 14 | Libros |
| LUIS G. INCLAN | LUIS G. INCLAN | 658.404 B113e | 45847 | 15 | Libros |
| LUIS G. INCLAN | LUIS G. INCLAN | 658.404 B113e | 45848 | 16 | Libros |
| LUIS G. INCLAN | LUIS G. INCLAN | 658.404 B113e | 45849 | 17 | Libros |
| LUIS G. INCLAN | LUIS G. INCLAN | 658.404 B113e | 45850 | 18 | Libros |
| LUIS G. INCLAN | LUIS G. INCLAN | 658.404 B113e | 45851 | 19 | Libros |
| LUIS G. INCLAN | LUIS G. INCLAN | 658.404 B113e | 45852 | 20 | Libros |
| LUIS G. INCLAN | LUIS G. INCLAN | 658.404 B113e | 45853 | 21 | Libros |
| LUIS G. INCLAN | LUIS G. INCLAN | 658.404 B113e | 45854 | 22 | Libros |
| LUIS G. INCLAN | LUIS G. INCLAN | 658.404 B113e | 46421 | 23 | Libros |
| LUIS G. INCLAN | LUIS G. INCLAN | 658.404 B113e | 25133 | 25 | Libros |
